000 00867nam a2200265Ia 4500
003 OSt
005 20221005110437.0
006 a|||||r|||| 00| 0
007 ta
008 221004b |||||||| |||| 00| 0 hin d
020 _a8170163846 (hbk)
024 _a5999
037 _bGift, 22/08/2013,
_cTextual
040 _aCRL
_cCRL
_bhin
041 _2hin
_ahin
082 _aO152,3N427x, N7
100 _aसिन्हा, मृदुला
245 0 _aस्पर्श की तासीर
246 _aSparsha kī tāsīra
260 _aनई दिल्ली
_bकिताबघर भारत
_c1997
300 _a104पृ0
_ccm.
650 _aहिन्दी साहित्य
942 _hO152,3N427x, N7
_cTEXL
_2cc
999 _c1018833
_d1018833